000 00220 a2200097 4500
001 30402
100 _aShakespeare
245 _aKing Richard the second
260 _aLondon
_bGinn and Company
_c
090 _c20354
_d20354
942 _aNUST-CAE
_cM
_c11508
999 _c265475
_d265475